| 000 | 00792cam a2200253 a 4500 | ||
|---|---|---|---|
| 005 | 20260322212055.0 | ||
| 008 | data | ||
| 010 | _a 97202119 | ||
| 020 | _a0670863106 | ||
| 020 | _a9780670863105 | ||
| 040 |
_aMB _cMB _dDLC _dDLC |
||
| 042 | _alccopycat | ||
| 043 | _an-us--- | ||
| 050 | 0 | 0 |
_aE842.1 _b.S25 1997 |
| 082 | 0 | 0 |
_a973.922/092 _221 |
| 100 | 1 | _aSalinger, Pierre. | |
| 245 | 1 | 0 |
_aJohn F. Kennedy, Commander in Chief : _ba profile in leadership / _cPierre Salinger. |
| 260 |
_aNew York, N.Y. : _bPenguin Studio, _c1997. |
||
| 300 |
_ax, 150 p. : _bill. ; _c29 cm. |
||
| 600 | 1 | 0 |
_aKennedy, John F. _q(John Fitzgerald), _d1917-1963 _xMilitary leadership. |
| 650 | 0 |
_aPresidents _zUnited States _xBiography. |
|
| 651 | 0 |
_aUnited States _xPolitics and government _y1961-1963. |
|
| 001 | data | ||
| 999 |
_c1303 _d1303 |
||